| 000 | 00977nam a2200217 a 4500 | ||
|---|---|---|---|
| 001 | 51056 | ||
| 005 | 20180714040346.0 | ||
| 008 | 140415s1995 sp 000 0 spa d | ||
| 020 | _a8448600770 | ||
| 041 | _aspa | ||
| 082 |
_a618.92 _bBEH |
||
| 100 | 1 | _aBEHRMAN, RICHARD E. | |
| 245 | 1 | 0 | _aMANUAL DE PEDIATRIA DE NELSON |
| 250 | _a1a ed. | ||
| 260 |
_aESPAÑA : _bMCGRAW-HILL INTERAMERICANA DE ESPAÑA, _c1995 |
||
| 300 |
_a65 _c10 x 2.7 x 20.8 |
||
| 520 | _aEL MANUAL DE BOLSILLO DE NELSON LE PROPORCIONA CUANTO DEBE SABER SOBRE LOS PROBLEMAS MEDICOS Y QUIRURGICOS QUE SUELEN AFECTAR A LOS NIÑOS. EL LIBRO LE OFRECE UN BREVE RESUMEN DE TODAS LAS ENFERMEDADES PEDIATRICAS (SUS CAUSAS, MANIFESTACIONES CLINICAS, DIAGNOSTICO Y TRATAMIENTO), PARA QUE USTED PUEDA REFRESCAR SU MEMORIA O CONFIRMAR AL INSTANTE SU OPINION. | ||
| 650 | 1 | 4 | _aPEDIATRIA MANUAL |
| 700 | 1 |
_aCAMPS DEL SAZ, PILAR _etr. |
|
| 740 | _aNELSON TEXBOOK OF PEDIATRICS. POCKET COMPANION | ||
| 999 |
_c51056 _d51056 |
||